000
00431nam a2200133Ia 4500
008
100328s9999 xx 000 0 und d
082
_b
73395
100
_a
सहस्त्रबुद्धे जयंती विश्र्वनाथ.
245
_a
शंका निरसन.
260
_b
मनोरमा.
630
_a
शंका निरसन.
730
_a
शंका निरसन.
942
_c
BOOK
999
_c
559116
_d
559113